000 00832cam a22002653a 4500
001 14424
003 PGUSA
005 20140828083317.0
008 041223s2004||||xxu|||||s|||||000 | eng d
040 _aPGUSA
_beng
042 _adc
050 4 _aDU
100 1 _aBarrow, John,
_cSir,
_d1764-1848
245 1 4 _aThe Eventful History of the Mutiny and Piratical Seizure of H.M.S. Bounty :
_bIts Cause and Consequences
_h[electronic resource] /
_cJohn, Barrow
260 _bProject Gutenberg,
_c2004
506 _aPublic domain in the USA.
516 _aElectronic text
653 _aChristian, Fletcher, 1764-1793
653 _aPitcairn Island
653 _aBligh, William, 1754-1817
653 _aBounty Mutiny, 1789
830 0 _aProject Gutenberg
_v14424
856 4 0 _uhttp://www.gutenberg.org/ebooks/14424
942 _cEB
999 _c243679
_d243679